Our constitution. : (Record no. 704)

MARC details
000 -LEADER
fixed length control field 00574cam a2200205ua 4500
001 - CONTROL NUMBER
control field 778
005 - DATE AND TIME OF LATEST TRANSACTION
control field 20260515113226.0
008 - FIXED-LENGTH DATA ELEMENTS--GENERAL INFORMATION
fixed length control field 110420n ii |||gr||||Z||||||eng
020 ## - INTERNATIONAL STANDARD BOOK NUMBER
International Standard Book Number 81-237-0734-7
040 ## - CATALOGING SOURCE
Transcribing agency MAIN
082 ## - DEWEY DECIMAL CLASSIFICATION NUMBER
Classification number 342.54
245 1# - TITLE STATEMENT
Title Our constitution. :
Remainder of title an introduction ti India`s constitutional law. /
Statement of responsibility, etc. By Subhash C Kashyap.
250 ## - EDITION STATEMENT
Edition statement 4th.
260 ## - PUBLICATION, DISTRIBUTION, ETC.
Place of publication, distribution, etc. New Delhi.:
Name of publisher, distributor, etc. National book trust.,
Date of publication, distribution, etc. 2005.
300 ## - PHYSICAL DESCRIPTION
Extent xxvi, 380 p.:
Dimensions 20 cm.
653 ## - INDEX TERM--UNCONTROLLED
Uncontrolled term Political science.
653 ## - INDEX TERM--UNCONTROLLED
Uncontrolled term Our constitution.
700 ## - ADDED ENTRY--PERSONAL NAME
Personal name Kashyap, Subhash C.,
942 ## - ADDED ENTRY ELEMENTS (KOHA)
Koha item type Books
Holdings
Withdrawn status Lost status Damaged status Not for loan Home library Current library Shelving location Date acquired Total checkouts Full call number Barcode Date last seen Copy number Price effective from Koha item type
        Naharkatiya College Library Naharkatiya College Library General stacks 09/19/2020   342.54 | KAS 16209 09/19/2020 2 09/19/2020 Books
        Naharkatiya College Library Naharkatiya College Library General stacks 09/19/2020   342.54 | KAS 16210 06/09/2023 1 09/19/2020 Books
        Naharkatiya College Library Naharkatiya College Library General stacks 09/19/2020   342.54 | KAS 16781 09/19/2020 3 09/19/2020 Books